Busiest Train Stations in the United States - Statistics

General Stats
  • This quiz has been taken 201 times
  • The average score is 5 of 13
Answer Stats
Entries/Exits (millions) Station % Correct
66.952 Grand Central Terminal
86%
107.416 Penn Station (New York)
71%
43.948 Chicago Union Station
63%
13.665 Washington Union Station
57%
28.875 South Station
50%
12.270 30th Street Station
42%
17.881 Penn Station (Newark)
41%
59.803 Jamaica Station
38%
10.999 Los Angeles Union Station
30%
14.950 Hoboken Terminal
25%
10.764 Millennium Station
13%
31.905 Ogilvie Transportation Center
10%
17.159 World Trade Center Station
5%
No matching quizzes found
Score Distribution
Percent of People with Each Score
Percentile by Number Answered
Your Score History
You have not taken this quiz